Geometrical drawing for art students, (Record no. 9756)
[ view plain ]
| 000 -LEADER | |
|---|---|
| fixed length control field | 00487cam a2200157u 4500 |
| 005 - DATE AND TIME OF LATEST TRANSACTION | |
| control field | 20220302160135.0 |
| 008 - FIXED-LENGTH DATA ELEMENTS--GENERAL INFORMATION | |
| fixed length control field | 830103s1938 enka 000 0 eng |
| 020 ## - INTERNATIONAL STANDARD BOOK NUMBER | |
| International Standard Book Number | 9788193983386 |
| 082 ## - DEWEY DECIMAL CLASSIFICATION NUMBER | |
| Classification number | 744 |
| Item number | MOR |
| 100 1# - MAIN ENTRY--PERSONAL NAME | |
| Personal name | Morris, I. Hammond. [from old catalog] |
| 245 00 - TITLE STATEMENT | |
| Title | Geometrical drawing for art students, |
| 260 ## - PUBLICATION, DISTRIBUTION, ETC. (IMPRINT) | |
| Place of publication, distribution, etc | London, |
| -- | New York [etc.] |
| Name of publisher, distributor, etc | Longmans, Green and co. |
| Date of publication, distribution, etc | [1938] |
| 300 ## - PHYSICAL DESCRIPTION | |
| Extent | 4 p. |
| Other physical details | l., 228 p. illus., diagrs. |
| Dimensions | 19 cm. |
| 650 #0 - SUBJECT ADDED ENTRY--TOPICAL TERM | |
| Topical term or geographic name as entry element | Geometrical drawing. |
| 942 ## - ADDED ENTRY ELEMENTS (KOHA) | |
| Source of classification or shelving scheme | |
| Withdrawn status | Lost status | Source of classification or shelving scheme | Damaged status | Koha normalized classification for sorting | Not for loan | Permanent location | Current location | Date acquired | Source of acquisition | Cost, normal purchase price | Full call number | Barcode | Date last seen | Cost, replacement price | Price effective from | Koha item type |
|---|---|---|---|---|---|---|---|---|---|---|---|---|---|---|---|---|
| 744_000000000000000_MOR | BMS College of Architecture, Design and Planning | BMS College of Architecture, Design and Planning | 2022-03-02 | 1 | 45.00 | 744 MOR | AR-UG2713 | 2022-03-02 | 2463.00 | 2022-03-02 | UG Books | |||||
| 744_000000000000000_MOR | BMS College of Architecture, Design and Planning | BMS College of Architecture, Design and Planning | 2022-03-02 | 1 | 45.00 | 744 MOR | AR-UG2714 | 2022-03-02 | 2463.00 | 2022-03-02 | UG Books | |||||
| 744_000000000000000_MOR | BMS College of Architecture, Design and Planning | BMS College of Architecture, Design and Planning | 2022-03-02 | 1 | 45.00 | 744 MOR | AR-UG2715 | 2022-03-02 | 2463.00 | 2022-03-02 | UG Books | |||||
| 744_000000000000000_MOR | BMS College of Architecture, Design and Planning | BMS College of Architecture, Design and Planning | 2022-03-02 | 1 | 45.00 | 744 MOR | AR-UG2716 | 2022-03-02 | 2463.00 | 2022-03-02 | UG Books | |||||
| 744_000000000000000_MOR | BMS College of Architecture, Design and Planning | BMS College of Architecture, Design and Planning | 2022-03-02 | 1 | 45.00 | 744 MOR | AR-UG2717 | 2022-03-02 | 2463.00 | 2022-03-02 | UG Books |